000 01213nam a2200265Ia 4500
003 OSt
005 20220923212009.0
006 a|||||r|||| 00| 0
007 ta
008 220922b |||||||| |||| 00| 0 hin d
024 _a103,226
037 _cTextual
040 _aARTS
_cARTS
_bhin
041 _2hin
_ahin
082 _aY1:1.2'C, 152K6
100 _aमजूमदार, रमेशचन्द्र; वाजपेयी, कृष्णदत्त, अनु.
_9161847
245 0 _aप्राचीन भारत में संघटित जीवन
246 _aPrāchīn bhārat mean sanghaṭit jīvana
260 _aसागर
_b सागर विश्वविद्यालय
_c1966
300 _a380पृ.
_ccm.
500 _aHindi translation of corporate life in ancient India by Krishan Datt Vajpayee published for commission on scientific and technical terminology by University of Sagar
650 _aभारतीय-लोक साहित्य
942 _hY1:1.2'C, 152K6
_cTEXL
_2CC
999 _c305298
_d305298